000 01188nam a2200217Ia 4500
003 Ost
005 20260416102400.0
008 260416s9999||||xx |||||||||||||| ||und||
040 _cfsecg
041 _aara
082 _a330.1543
100 _aموهوني، مليكة
_eمؤلف
245 0 _aمحاضرات وتطبيقات في الاقتصاد القياسي 2 :
_b موجهة لطلبة السنة الثالثة LMD علوم اقتصادية : تخصص : اقتصاد كمي /
_c مليكة موهوني
260 _aالجزائر
_bجامعة الجزائر3: كلية العلوم الإقتصادية، العلوم التجارية وعلوم التسيير
_c2023
300 _a120 ورقة
_bايضاحات
_c12 سم
504 _aالمراجع ص.119
520 _aمشاكل القياس الاقتصادي ،النماذج غير الخطية،النماذج المتباطئة زمنيا،نماذج المعادلات الآنية.
653 _aالاقتصاد الرياضي
710 _aجامعة الجزائر3: كلية العلوم الإقتصادية، العلوم التجارية وعلوم التسيير
_eناشر علمي
942 _cHANDOUT
999 _c41399
_d41399